1120 1596 1315 1297 1528 1067 1866 1685 1782 1991 1449 1951 1964 1361 1511 1901 1281 1624 1876 1758 1000 1529 1843 1894 1566 1099 1910 1129 1709 1457 1376 1853 1854 1253 1397 1133 1837 1264 1877 1303 1042 1457 1453 1825 1078 1382 1639 1111 1711 1222 1375 1506 1018 1892 1929 1336 1598 1922 1380 1213 1028 1913 1831 1160 1388 1650 1739 1976 1927 1651 1061 1825 1781 1711 1494 1619 1520 1189 1555 1893 1732 1706 1699 1226 1548 1481 1865 1269 1052 1806 1905 1067 1957 1775 1607 1454 1209 1809 1842 BCNSPRNW ULIB Ver.6.0+V

เปลี่ยนเป็นภาษาไทย

Change to English
 แสดงรายละเอียดบรรณานุกรม
  กลับหน้าหลัก

Brief Record : Get Marc (ISO 2709) : E-mail record : QR code < ปิดหน้าต่าง
LEADER : 00000nam 2200000uu 4500
001    13399114335
003     ULIB
008    120322s2553||||th 000 0 tha d
020    ^a9786167349046
090    ^aนว.^bม721U 2553
100 0  ^aMagician is Doll
245 00 ^aนายกะล่อนขออ้อนรัก/^cMagician is Doll
250    ^aพิมพ์ครั้งที่ 1
260    ^aกรุงเทพฯ :^bแจ่มใส,^c2553
300    ^a240 หน้า
710 1  ^aแจ่มใส
945    ^p180^l0^i17082
995    ^aกัณชพร
999    ^aใช้งานได้ทุกระบบ
รายการนี้ยังไม่มีแท็ก
คุณยังไม่ได้ล็อกอิน คุณสามารถมีกิจกรรมร่วมกับเว็บไซต์ได้ แต่ต้องล็อกอินก่อน ::
  ล็อกอิน

รายการสื่อสารสนเทศ

ลำดับที่ ประเภท เลขเรียก/บาร์โค้ด สถานที่ สถานะ
1. นวนิยาย
นวนิยาย
นว. ม721U 2553  
  Barcode: 17082
ห้องสมุดวิทยาเขตสวรรค์ประชารักษ์
►นวนิยาย
บนชั้น
  ขอยืม

BibComment


ยังไม่เคยถูกคอมเมนท์

คอมเมนท์ทรัพยากรรายการนี้
  คอมเมนท์: นายกะล่อนขออ้อนร..


 Copyright 2026. Bcnsprnw @Library